000 01892cam a22004694i 4500
003 PE-LiUPU
005 20250731173034.0
008 150623s r 000 0 d
020 _a0943575370
035 _a(Sirsi) i9780943575377
040 _aPE-LiUPU
_bspa
_cPE-LiUPU
_erda
049 _aPRUA
082 0 4 _a226.306
_bB29
_221
100 1 _aBeasley-Murray, George Raymond,
_eautor.
245 1 0 _aJesus and the last days :
_bthe interpretation of the olivet discourse /
_cGeorge Raymond Beasley-Murray.
264 1 _aPeabody, Massachusetts :
_bHendrickson Publishers,
_c1993.
300 _a518 páginas ;
_c24 centímetros
336 _atext
_2rdacontent
337 _aunmediated
_2rdamedia
338 _avolume
_2rdacarrier
504 _aIncluye bibliografía.
505 0 _aThe presuppositions and the formulation of the little apocalypse theory. -The development of the little apocalypse theory. -Other theories concerning the origin of Mark 13. -Attempts to vindicate the eschatological discourse. -Contributions since the rise of redaction cristicism. -Afresh approach to the discourse of Mark 13. -A comentary on Mark 13.
526 _aSEG42
526 _aSEG41
526 _aSEG40
526 _aSEG39
526 _aP94
526 _aP87
526 _aP86
526 _aP85
526 _aP77
526 _aP76
526 _aP35
600 1 _aJesucristo
_xPasión
630 _aBiblia.
_pN.T.
_pMarcos
_xCrítica, interpretación, etc.
942 _2ddc
_cBOOK
949 _a226.306 B29
_wDEWEY
_c1
_i48242
_lCCODEBUL1
_mBUL
_r0
_sY
_tBOOK
_u2015-6-24
_xTEOLOGIA
_PP35
_0COMPRA
_o.STAFF. Colección General
994 _aC0
_bPEPRU
596 _a1
999 _a226.306 B29
_wDEWEY
_c25388
_i48242
_f2021-11-9
_g5
_lCCODEBUL1
_mBUL
_r0
_sY
_tBOOK
_u2015-6-24
_xTEOLOGIA
_PP35
_0COMPRA
_o.STAFF. Colección General
_d25388
980 _81
_gALBERTO SANCHEZ Responsable de Automatización